| 000 | 00538nam a2200217 a 4500 | ||
|---|---|---|---|
| 005 | 20240228063832.0 | ||
| 008 | 991125s1988 mx 000 0 spa u | ||
| 020 | _a968419476 | ||
| 035 | _aUPN01000042151 | ||
| 049 | _aI | ||
| 050 | 4 |
_aQA241 S9.5 _b1988 |
|
| 100 | 1 | _aSuárez, Maribel | |
| 245 | 1 | 4 | _aLos números. |
| 250 | _a4a ed. | ||
| 260 |
_aMéxico : _bGrijalbo, _c1988. |
||
| 300 |
_a[10] h. : _bil. |
||
| 440 | 0 | _aAlbores | |
| 650 | 4 |
_aLibros y lectura para niños _92290 |
|
| 650 | 2 |
_aNumeración _926 |
|
| 905 | _aInfantil | ||
| 999 |
_c42151 _d42151 |
||